000 00692nam a2200181 i 4500
001 183823
003 ES-MaACL
005 20230906221957.0
008 141021s1888 sp |||| | spa d
080 _a94(729.5)"1511/1898"
245 0 0 _aPuerto-Rico por dentro :
_bcartas abiertas : julio y agosto de 1888 /
_cpor XXX.
260 _a[S.l.] :
_b[s.n.],
_c1888 (
_eMadrid :
_fImp. de José Gil y Navarro)
300 _a112 p. ;
_c21 cm.
530 _aDisponible en formato digital.
651 4 _aPuerto Rico-
_xHistoria-
_y1511-1898, Época colonial.
_9155352
852 _aES-MaACL
_jT-577-F-6
856 4 1 _uhttp://bdh-rd.bne.es/viewer.vm?id=0000094569&page=1
_zBiblioteca Digital Hispánica
999 _c183823
_d183823